| 000 | 00677nam a2200205 i 4500 | ||
|---|---|---|---|
| 001 | 104891 | ||
| 003 | ES-MaACL | ||
| 005 | 20230906183722.0 | ||
| 007 | t| | ||
| 008 | 060523s1961 xxu ||||1| eng d | ||
| 080 | _a164(091) | ||
| 100 | 1 |
_aBochenski, Joseph M. _929672 |
|
| 245 | 1 | 2 |
_aA history of formal logic / _cby I.M. Bochenski ; translated and edited by Ivo Thomas. |
| 260 |
_aNotre Dame, Indiana : _bUniversity of Notre Dame Press, _c1961. |
||
| 300 |
_aXXII, 567 p. ; _c23 cm. |
||
| 500 | _aBiblioteca Jacinto Martínez Lacalle. | ||
| 650 | 4 |
_aLógica matemática- _vHistoria. _914700 |
|
| 700 | 1 |
_aThomas, Ivo. _9110021 |
|
| 852 |
_aES-MaACL _jE-11210 _bR.138903 |
||
| 999 |
_c104891 _d104891 |
||